538 términos económicos de uso habitual

Sábháilte in:
Sonraí bibleagrafaíochta
Údar corparáideach: Fundación BHC para el Desarrollo (Údar)
Formáid: LEABHAR
Teanga:Spáinnis
Foilsithe / Cruthaithe: Santiago Universitaria 1981
Ábhair:
Clibeanna: Cuir clib leis
Níl clibeanna ann, Bí ar an gcéad duine le clib a chur leis an taifead seo!

MARC

LEADER 00000nam a2200000 a 4500
001 UCU2765
003 CL-VaPUC
008 960426e19810000CL |||||||||||||||||spa|d
082 0 4 |a 330.028  |b FUN  |2 21 
110 2 |a Fundación BHC para el Desarrollo  |e author  |9 359262 
245 1 0 |a 538 términos económicos de uso habitual 
300 |a 138 p 
942 |c BK 
945 |d 19960426 00:00:00  |a lriquelm 
260 |a Santiago  |b Universitaria  |c 1981 
650 0 |a Economía   |9 255568 
650 7 |a TERMINOLOGIA  |2 CL-VaPUC  |9 254881 
650 7 |a CONCEPTOS  |2 CL-VaPUC  |9 334983 
583 |a last modification  |c 19960426 00:00:00  |k Rodrigo Vera 
999 |c 246990  |d 246988 
952 |0 0  |1 0  |4 0  |6 330_028000000000000_FUN_1981  |7 0  |8 A  |9 262408  |a BIBING  |b BIBING  |d 2019-11-19  |i 1643703  |o 330.028 FUN 1981  |p 1643703  |r 2025-01-20  |w 2019-11-19  |y BK  |k GEO 
952 |0 0  |1 0  |4 0  |6 330_028000000000000_FUN_1981  |7 0  |8 F  |9 262410  |a BIBENE  |b BIBENE  |d 2019-11-19  |i 1982281  |o 330.028 FUN 1981  |p 1982281  |r 2025-01-15  |w 2019-11-19  |y BK_F  |k ICO